| 000 | 00507nam a22001697a 4500 | ||
|---|---|---|---|
| 003 | OSt | ||
| 005 | 20140310182326.0 | ||
| 008 | 130320t xxu||||| |||| 00| 0 eng d | ||
| 020 | _a0839713320 | ||
| 050 |
_aNC 1429 _b.D363A4 1979 |
||
| 082 |
_aNC1429 _b.D363 A4 1979 |
||
| 245 |
_aAn unexbeargated, compbearhensive, incombearable book of celebearties & other bears _cPhyllis Demong |
||
| 260 |
_aMiddlebury, Vt _bP. S. Eriksson _c1979 |
||
| 300 |
_c21 cm _bill. ; |
||
| 942 |
_2lcc _cBK-GS |
||
| 999 |
_c11898 _d11898 |
||